Robert Louis Stevenson.

Bibliographic Details
Main Author: Daiches, David, 1912-2005
Format: Book
Language:English
Published: Norfolk, Conn. : New Directions, [1947]
Series:Makers of modern literature series.
Subjects:

MARC

Tag First Indicator Second Indicator Subfields
LEADER 00000cam a2200000 4500
001 in00000031798
005 20151007063123.0
008 711111s1947 ctuc b 00000 eng u
010 |a  47011770  
035 |a (OCoLC)00170603 
035 |9 AAD6608AM 
040 |c URB  |d TXA  |d UtOrBLW 
049 |a TXAM  |c [163718] 
050 0 |a PR5496  |b .D3 
092 |a 820  |b S848Yd 
100 1 |a Daiches, David,  |d 1912-2005. 
245 1 0 |a Robert Louis Stevenson. 
264 1 |a Norfolk, Conn. :  |b New Directions,  |c [1947] 
300 |a x, 196 pages :  |b portrait ;  |c 19 cm. 
336 |a text  |b txt  |2 rdacontent 
337 |a unmediated  |b n  |2 rdamedia 
338 |a volume  |b nc  |2 rdacarrier 
490 1 |a The Makers of modern literature 
504 |a "Bibliographical note": pages 189-190. 
600 1 0 |a Stevenson, Robert Louis,  |d 1850-1894. 
830 0 |a Makers of modern literature series. 
999 |a MARS 
999 f f |s 39c7dfdc-1614-378e-b467-877c96376ae1  |i e7586161-9441-37c4-9c56-1c7d8b152b22  |t 0 
952 f f |p normal  |a Texas A&M University  |b College Station  |c Sterling C. Evans Library  |d Evans: Library Stacks  |t 0  |e PR5496 .D3  |h Library of Congress classification  |i unmediated -- volume  |m A14801266981 
998 f f |a PR5496 .D3  |t 0  |l Evans: Library Stacks